Corporate finance 2nd ed. (Record no. 5813)

MARC details
000 -LEADER
fixed length control field 00712nam a22002177a 4500
003 - CONTROL NUMBER IDENTIFIER
control field OSt
005 - DATE AND TIME OF LATEST TRANSACTION
control field 20251118142219.0
008 - FIXED-LENGTH DATA ELEMENTS--GENERAL INFORMATION
fixed length control field 251118b |||||||| |||| 00| 0 eng d
020 ## - INTERNATIONAL STANDARD BOOK NUMBER
International Standard Book Number 0-324-64868-5.
040 ## - CATALOGING SOURCE
Original cataloging agency DWCL-Main lib
Transcribing agency OC
082 ## - DEWEY DECIMAL CLASSIFICATION NUMBER
Edition number 2nd ed.
Classification number Circ. 658.15 M497c 2007
100 ## - MAIN ENTRY--PERSONAL NAME
Personal name Megginson, William L.
245 ## - TITLE STATEMENT
Title Corporate finance 2nd ed.
Statement of responsibility, etc. Megginson, William L.
260 ## - PUBLICATION, DISTRIBUTION, ETC.
Place of publication, distribution, etc. Australia :
Name of publisher, distributor, etc. Thomson/South-Western,
Date of publication, distribution, etc. c2007.
300 ## - PHYSICAL DESCRIPTION
Extent xxx, (various paging) :
Other physical details illustration ;
Dimensions 27 cm.
504 ## - BIBLIOGRAPHY, ETC. NOTE
Bibliography, etc. note Includes bibliographical references and index.
650 ## - SUBJECT ADDED ENTRY--TOPICAL TERM
Source of heading or term 1. Corporations-Finance.
700 ## - ADDED ENTRY--PERSONAL NAME
Personal name Smart, Scott B.
700 ## - ADDED ENTRY--PERSONAL NAME
Personal name Lawrence J. Gitman
942 ## - ADDED ENTRY ELEMENTS (KOHA)
Source of classification or shelving scheme Dewey Decimal Classification
Koha item type Book Circulation
Edition 2nd ed.
Call number prefix Circ.
Suppress in OPAC No
952 ## - LOCATION AND ITEM INFORMATION (KOHA)
--
Holdings
Withdrawn status Lost status Source of classification or shelving scheme Damaged status Not for loan Home library Current library Shelving location Date acquired Source of acquisition Total Checkouts Full call number Barcode Date last seen Copy number Price effective from Koha item type Uniform Resource Identifier
    Dewey Decimal Classification     College Library College Library Circulation 08/07/2008 School Fund   Circ. 658.15 M497c 2007 46093 11/18/2025 c1 11/18/2025 BK-CIRC